| 000 | 00835nam a22003137a 4500 | ||
|---|---|---|---|
| 001 | BR6400315 | ||
| 003 | BR-BrBNA | ||
| 005 | 20230928083420.0 | ||
| 007 | ta | ||
| 008 | 230509b bl.||||| |||| 00| 0 por d | ||
| 040 |
_aBR-BrBNA _bpor _cBiblioteca Nacional de Agricultura |
||
| 041 | _a(Por) | ||
| 072 |
_aL00; L73; Q10 _b6000 |
||
| 090 | _ 6000 BR6400315 | ||
| 100 | 1 | _aFonseca, W. | |
| 245 | 1 | _aCarne de ave [industria alimenticia, legislacao, inspecao sanitaria, abate] | |
| 260 | 3 |
_aSao Paulo, SP (Brasil): _c1964. |
|
| 300 | _a199 p. | ||
| 500 | _a37 ref. | ||
| 650 | _aAVE DOMESTICA | ||
| 650 | _aINDUSTRIA ALIMENTICIA | ||
| 650 | _aABATE | ||
| 650 | _aDOENCA ANIMAL | ||
| 650 | _aINSPECAO SANITARIA | ||
| 650 | _aVALOR NUTRITIVO | ||
| 650 | _aCARNE | ||
| 909 |
_a202309 _bLucia _c55 _dLucia Elande |
||
| 942 | _cBK | ||
| 999 |
_c13344 _d13344 |
||